| 000 | 00514nam a22001937a 4500 | ||
|---|---|---|---|
| 003 | OSt | ||
| 005 | 20171101144631.0 | ||
| 008 | 171101b xxu||||| |||| 00| 0 eng d | ||
| 020 | _a0750614854 | ||
| 040 | _cDNLM | ||
| 082 | _aQT260C81m 1994 | ||
| 100 |
_aCorrigan Brian;Maitland,G.D; _912239 |
||
| 245 | _aMusculoskeletal and sports injuries. | ||
| 260 |
_aOxford; _bButterworth Heinemann. _c1994. |
||
| 300 |
_a237p; _bill: _c26cm. |
||
| 504 | _aincludes index. | ||
| 650 |
_amedicine _9324 |
||
| 942 |
_2z _cO_SHELF |
||
| 999 |
_c5873 _d5873 |
||